Implementing rules and regulation of R.A. 9593 / (Record no. 25121)
[ view plain ]
| 000 -LEADER | |
|---|---|
| fixed length control field | 00683nam a2200205 a 4500 |
| 005 - DATE AND TIME OF LATEST TRANSACTION | |
| control field | 20140310183603.0 |
| 008 - FIXED-LENGTH DATA ELEMENTS--GENERAL INFORMATION | |
| fixed length control field | 120623s19uu xx 00 eng d |
| 020 ## - INTERNATIONAL STANDARD BOOK NUMBER | |
| International Standard Book Number | 9718961445 |
| 050 ## - LIBRARY OF CONGRESS CALL NUMBER | |
| Classification number | PN 1994 |
| Item number | .D949 2010 |
| 100 ## - MAIN ENTRY--PERSONAL NAME | |
| Personal name | Durano, Joseph H. |
| 245 ## - TITLE STATEMENT | |
| Title | Implementing rules and regulation of R.A. 9593 / |
| Remainder of title | otherwise known as the tourism act of 2009. |
| Statement of responsibility, etc | signed by Joseph H. Durano. |
| 260 ## - PUBLICATION, DISTRIBUTION, ETC. (IMPRINT) | |
| Place of publication, distribution, etc | Manila, Philippines : |
| Name of publisher, distributor, etc | AVB Printing Press, |
| Date of publication, distribution, etc | 2010. |
| 300 ## - PHYSICAL DESCRIPTION | |
| Extent | 178 p. : |
| Dimensions | 23 cm. |
| 500 ## - GENERAL NOTE | |
| General note | RA 9593 |
| 521 ## - TARGET AUDIENCE NOTE | |
| Target audience note | |
| 650 ## - SUBJECT ADDED ENTRY--TOPICAL TERM | |
| Topical term or geographic name as entry element | Tourism |
| General subdivision | Government policy |
| -- | Philippines |
| 650 ## - SUBJECT ADDED ENTRY--TOPICAL TERM | |
| Topical term or geographic name as entry element | Tourism |
| General subdivision | Law and legislation |
| -- | Philippines. |
| 942 ## - ADDED ENTRY ELEMENTS (KOHA) | |
| Koha item type | Books |
| Source of classification or shelving scheme | Library of Congress Classification |
| Call number prefix | Foreign |
| Withdrawn status | Lost status | Source of classification or shelving scheme | Damaged status | Home library | Current library | Shelving location | Date acquired | Total Checkouts | Full call number | Barcode | Date last seen | Copy number | Price effective from | Koha item type |
|---|---|---|---|---|---|---|---|---|---|---|---|---|---|---|
| Library of Congress Classification | College Library | College Library | General Circulation Section | 06/23/2012 | PN 1994 .D949 2010 | C14450 | 05/15/2018 | 1 | 11/14/2013 | Books |